000 01186cam a22003497a 4500
003 CHAP
005 20220329132918.0
008 971013s1988 r 00010 d
010 _a191
011 _a1163
035 _a339
040 _cCHAP
090 _aTesis
100 0 0 _aAcosta Tapia, Rigoberto.
_9705
245 0 _aGeneración de tecnología para la producción de maíz de temporal en el Ejido Villa Seca, Estado de México
260 _aChapingo, Méx. :
_bEl autor,
_c1988
300 _a90 h.
502 _aTesis (Ing. Agr. Esp. en Suelos) -- UACH. Departamento de Suelos
590 _aALEPH
_b10
_c20130110
_lUCH01
_h1204
590 _aBATCH-UPD
_b10
_c20130110
_lUCH01
_h1031
590 _aBATCH-UPD
_b10
_c20130410
_lUCH01
_h0634
590 _aBATCH-UPD
_b10
_c20130913
_lUCH01
_h2139
590 _aBATCH-UPD
_b10
_c20130914
_lUCH01
_h1747
590 _aCONVERSION
_b10
_c20130109
_lUCH01
_h1302
650 1 4 _aAgricultura de temporal.
_91999
650 1 4 _aAgricultura
_xInnovaciones tecnológicas.
_91565
650 1 4 _aMaíz
_xRendimiento.
_971051
650 1 4 _aMaíz
_zMéxico (Edo.).
_971099
901 _aBK
942 _cTESIS
949 _bBC
_cTES
_d-9780
_eTS1
_h22529
_i339
_si
999 _c191
_d191